| 000 | 00329nam a2200109Ia 4500 | ||
|---|---|---|---|
| 008 | 171204s9999 xx 000 0 und d | ||
| 245 | 4 | _aThe Crushing of Army Group North 1944 - 1945: Images of War Series: | |
| 245 | _cIan Baxter | ||
| 260 | _c2017 | ||
| 650 | _xHistory | ||
| 856 | _uhttp://down.ebook777.com/063/9781473862555.pdf | ||
| 999 |
_c345527 _d345527 |
||